[Event "Harburg_ch Gruppe I"]
[Site "Hamburg"]
[Date "2011.08.20"]
[Round "3"]
[White "Eppler, Alexander"]
[Black "Kalauch, Johannes"]
[Result "1-0"]
[WhiteElo "1308"]
[BlackElo "1251"]
[PlyCount "77"]
[EventDate "2011.08.19"]
[EventType "tourn"]
[EventRounds "1"]
[EventCountry "GER"]
[SourceDate "2011.08.19"]

1. e4 c5 2. Nf3 Nc6 3. Bc4 d6 4. O-O g6 5. c3 Bg7 6. d4 cxd4 7. Nxd4 e6 8. Ne2
Nf6 9. Ng3 O-O 10. Nd2 b6 11. Bb5 Bb7 12. Nf3 a6 13. Ba4 b5 14. Bc2 d5 15. exd5
Qxd5 16. Qxd5 Nxd5 17. a3 Rac8 18. Bd2 Rfd8 19. Ne4 Nce7 20. Rfe1 Nb6 21. Be3
Nc4 22. Rab1 Nxe3 23. Rxe3 Nd5 24. Ree1 f5 25. Ned2 Rc7 26. Rxe6 Nf4 27. Re3
Bh6 28. Bb3+ Kf8 29. Nd4 Bd5 30. Bxd5 Rxd5 31. N2f3 Kf7 32. Rbe1 Bg7 33. g3
Bxd4 34. Nxd4 Nh5 35. Re6 Ng7 36. Rxa6 Re7 37. Rxe7+ Kxe7 38. Rb6 Re5 39. Nc6+
1-0

[Event "Harburg_ch Gruppe I"]
[Site "Hamburg"]
[Date "2011.08.20"]
[Round "3"]
[White "Fruechel, Thomas"]
[Black "Wulf, Sven"]
[Result "0-1"]
[WhiteElo "991"]
[BlackElo "1318"]
[PlyCount "64"]
[EventDate "2011.08.19"]
[EventType "tourn"]
[EventRounds "1"]
[EventCountry "GER"]
[SourceDate "2011.08.19"]

1. e4 c6 2. d4 d5 3. e5 Bf5 4. Nf3 e6 5. Nc3 Ne7 6. Bg5 Nd7 7. Bd3 Bxd3 8. Qxd3
Qc7 9. O-O Ng6 10. Ne2 c5 11. c3 cxd4 12. cxd4 Bb4 13. a3 Ba5 14. b4 Bb6 15.
Rfc1 Qb8 16. Nf4 O-O 17. Nxg6 fxg6 18. Rc2 a6 19. a4 a5 20. b5 Qa7 21. Re1 Rac8
22. Ree2 Qb8 23. g3 Rc7 24. Be7 Rxc2 25. Bd6 Rc7 26. Bxc7 Bxc7 27. Kg2 Nb6 28.
Qb3 Nc4 29. Nd2 Nxd2 30. Rxd2 Bb6 31. Qb2 Rc8 32. Kf3 Rc4 0-1

[Event "Harburg_ch Gruppe I"]
[Site "Hamburg"]
[Date "2011.08.20"]
[Round "3"]
[White "Pajeken, Jakob Leon"]
[Black "Boe Olsen, Filip"]
[Result "1/2-1/2"]
[WhiteElo "1158"]
[BlackElo "1200"]
[PlyCount "152"]
[EventDate "2011.08.19"]
[EventType "tourn"]
[EventRounds "1"]
[EventCountry "GER"]
[SourceDate "2011.08.19"]

1. e4 c6 2. f4 d5 3. e5 h5 4. Be2 g6 5. Nf3 Bf5 6. O-O Nh6 7. d3 c5 8. Be3 e6
9. Bf2 Be7 10. Qe1 Nc6 11. c3 Rc8 12. Nbd2 Kf8 13. d4 Qb6 14. b3 cxd4 15. cxd4
Nb4 16. Qd1 Kg7 17. Nh4 Rc6 18. Nxf5+ Nxf5 19. Nf3 Rhc8 20. Qd2 Rc2 21. Qd1
Rxa2 22. Rxa2 Nxa2 23. Qd2 Nc3 24. Qb2 Nxe2+ 25. Qxe2 Qxb3 26. Ra1 a6 27. Qe1
Qc3 28. Qd1 Bb4 29. Rb1 Qc2 30. Qxc2 Rxc2 31. Rxb4 b5 32. h3 Ne7 33. Bh4 Nc6
34. Bf6+ Kh7 35. Ng5+ Kg8 36. Rb1 Nxd4 37. Ra1 Rc6 38. Rd1 Nf5 39. g4 Ng7 40.
gxh5 Nxh5 41. Ne4 Nxf4 42. Ng5 d4 43. Kf1 d3 44. Nf3 b4 45. Nd4 Rc4 46. h4 a5
47. Nf3 b3 48. Kf2 a4 49. Ne1 b2 50. Nxd3 Rd4 51. Nxb2 Rxd1 52. Nxd1 Nd5 53.
Bg5 Nb4 54. Nc3 a3 55. Ke2 a2 56. Nxa2 Nxa2 57. Bd2 Kf8 58. Kd1 Ke7 59. Kc2 Kd7
60. Kb2 Kc6 61. Kxa2 Kd5 62. Bf4 Ke4 63. Bg3 Kf3 64. Bh2 Kg4 65. Kb3 Kxh4 66.
Kc4 Kh3 67. Bf4 Kg4 68. Bh2 Kf5 69. Kd4 g5 70. Kc5 Kg6 71. Kd6 Kf5 72. Kd7 Kg6
73. Ke7 g4 74. Bg3 Kg7 75. Bh2 Kg8 76. Bf4 Kg7 1/2-1/2

[Event "Harburg_ch Gruppe J"]
[Site "Hamburg"]
[Date "2011.08.19"]
[Round "1"]
[White "Akbari, Sajad Ali"]
[Black "Jacobsen, Joerg"]
[Result "1-0"]
[WhiteElo "773"]
[BlackElo "934"]
[PlyCount "79"]
[EventDate "2011.08.19"]
[EventType "tourn"]
[EventRounds "1"]
[EventCountry "GER"]
[SourceDate "2011.08.19"]

1. e4 e5 2. Nf3 Nc6 3. Bc4 Bc5 4. c3 Nf6 5. d4 exd4 6. e5 Ng4 7. cxd4 Bb4+ 8.
Bd2 Bxd2+ 9. Nfxd2 Nxd4 10. Ne4 O-O 11. Qxd4 a5 12. Ng3 d6 13. Nh5 dxe5 14.
Qxd8 Rxd8 15. h3 Nh6 16. Nc3 Rd4 17. Be2 Bf5 18. Rd1 Rad8 19. O-O R8d6 20. Nb5
Rg6 21. Nxd4 Bxh3 22. Kh2 Bc8 23. Nf5 f6 24. Ne7+ Kf7 25. Nxg6 Kxg6 26. f4 Bg4
27. Bxg4 Nxg4+ 28. Kg3 Ne3 29. f5+ Kxh5 30. Rh1+ Kg5 31. Rd7 Nxf5+ 32. Kf2 e4
33. Rxc7 Kf4 34. Rc4 Nd6 35. g3+ Kg4 36. Rh4+ Kf5 37. Rc5+ Ke6 38. Rxa5 Nc4 39.
Rxe4+ Kf7 40. Rxc4 1-0

[Event "Harburg_ch Gruppe J"]
[Site "Hamburg"]
[Date "2011.08.19"]
[Round "1"]
[White "Dittmann, Willi"]
[Black "Dittmann, Vanadis"]
[Result "1/2-1/2"]
[WhiteElo "804"]
[BlackElo "852"]
[PlyCount "60"]
[EventDate "2011.08.19"]
[EventType "tourn"]
[EventRounds "1"]
[EventCountry "GER"]
[SourceDate "2011.08.19"]

1. d4 d5 2. Nc3 Nf6 3. e3 Bf5 4. Bb5+ c6 5. Bd3 Bxd3 6. Qxd3 e6 7. Nf3 Bd6 8.
e4 O-O 9. e5 Ne4 10. Nxe4 dxe4 11. Qxe4 Bb4+ 12. Bd2 f5 13. Qe3 f4 14. Qe4 c5
15. dxc5 Bxc5 16. O-O Na6 17. Qe1 Qe7 18. a3 b5 19. Bxf4 Rxf4 20. Qd2 Qf7 21.
Rad1 Qf8 22. Qa5 Nb8 23. Rd8 Nc6 24. Rxf8+ Rfxf8 25. Qxb5 Nd4 26. Qxc5 Ne2+ 27.
Kh1 Rac8 28. Qb5 Nf4 29. g3 Nh3 30. Kg2 Rb8 1/2-1/2

[Event "Harburg_ch Gruppe J"]
[Site "Hamburg"]
[Date "2011.08.20"]
[Round "2"]
[White "Dittmann, Willi"]
[Black "Akbari, Sajad Ali"]
[Result "0-1"]
[WhiteElo "804"]
[BlackElo "773"]
[PlyCount "84"]
[EventDate "2011.08.19"]
[EventType "tourn"]
[EventRounds "1"]
[EventCountry "GER"]
[SourceDate "2011.08.19"]

1. d4 e6 2. e4 d5 3. exd5 exd5 4. Qe2+ Be7 5. Nc3 Nf6 6. Bg5 O-O 7. O-O-O Nc6
8. Qe3 Re8 9. Bb5 Ng4 10. Qe2 Bxg5+ 11. Kb1 Rxe2 12. Ngxe2 Nxf2 13. Rhe1 Nxd1
14. Rxd1 Bg4 15. h3 Bxe2 16. Nxe2 a6 17. Bxc6 bxc6 18. g3 Qe7 19. Nc3 Re8 20.
h4 Bh6 21. b3 Qe1 22. Rxe1 Rxe1+ 23. Kb2 Be3 24. Ka3 Bxd4 25. Kb2 Re3 26. Ka3
Rxc3 27. Ka4 Bb6 28. h5 Rxg3 29. h6 g5 30. a3 c5 31. c4 d4 32. b4 c6 33. b5
cxb5+ 34. cxb5 axb5+ 35. Kxb5 Rxa3 36. Kc4 d3 37. Kb5 d2 38. Kxb6 d1=Q 39. Kxc5
Rc3+ 40. Kb5 Qb1+ 41. Ka4 Rc2 42. Ka3 Ra2# 0-1

[Event "Harburg_ch Gruppe J"]
[Site "Hamburg"]
[Date "2011.08.20"]
[Round "2"]
[White "Krause, Volker"]
[Black "Dittmann, Vanadis"]
[Result "1-0"]
[WhiteElo "950"]
[BlackElo "852"]
[PlyCount "71"]
[EventDate "2011.08.19"]
[EventType "tourn"]
[EventRounds "1"]
[EventCountry "GER"]
[SourceDate "2011.08.19"]

1. e4 Nf6 2. e5 Ne4 3. d4 g6 4. Nf3 Bg7 5. Bf4 d6 6. Nbd2 Nxd2 7. Qxd2 Nc6 8.
Bb5 Bd7 9. O-O-O f6 10. Rhe1 fxe5 11. dxe5 Nxe5 12. Bxd7+ Qxd7 13. Nxe5 Qb5 14.
Qd4 dxe5 15. Bxe5 Rd8 16. Qxd8+ Kf7 17. Qxc7 Bh6+ 18. f4 Re8 19. Rd8 Qb6 20.
Qc4+ e6 21. Rxe8 Kxe8 22. Bc7 Qc6 23. Rxe6+ Kd7 24. Rxc6 bxc6 25. Qf7+ Kc8 26.
Qxh7 Bf8 27. Qg8 Kxc7 28. Qxf8 a5 29. Qf7+ Kb6 30. Qxg6 a4 31. f5 Kc7 32. f6 c5
33. f7 a3 34. Qg3+ Kd8 35. f8=Q+ Kd7 36. Qgd6# 1-0

[Event "Harburg_ch Gruppe J"]
[Site "Hamburg"]
[Date "2011.08.20"]
[Round "3"]
[White "Akbari, Sajad Ali"]
[Black "Krause, Volker"]
[Result "1/2-1/2"]
[WhiteElo "773"]
[BlackElo "950"]
[PlyCount "53"]
[EventDate "2011.08.19"]
[EventType "tourn"]
[EventRounds "1"]
[EventCountry "GER"]
[SourceDate "2011.08.19"]

1. e4 c5 2. Nf3 d6 3. d4 cxd4 4. Nxd4 Nc6 5. Bb5 Bd7 6. Nxc6 bxc6 7. Bd3 e5 8.
O-O Nf6 9. Nc3 Be7 10. h3 O-O 11. b3 Be6 12. f4 Qa5 13. Qe1 Rad8 14. Na4 Qxe1
15. Rxe1 Nh5 16. fxe5 dxe5 17. Be3 Rd7 18. Bf2 Nf4 19. Nc5 Bxc5 20. Bxc5 Nxd3
21. cxd3 Rfd8 22. Bxa7 Rxa7 23. Re3 f5 24. exf5 Bxf5 25. Rxe5 Bxd3 26. a4 Bc2
27. Re3 1/2-1/2

[Event "Harburg_ch Gruppe J"]
[Site "Hamburg"]
[Date "2011.08.20"]
[Round "3"]
[White "Jacobsen, Joerg"]
[Black "Dittmann, Willi"]
[Result "1-0"]
[WhiteElo "934"]
[BlackElo "804"]
[PlyCount "91"]
[EventDate "2011.08.19"]
[EventType "tourn"]
[EventRounds "1"]
[EventCountry "GER"]
[SourceDate "2011.08.19"]

1. e4 e5 2. Nf3 d6 3. h3 Nf6 4. Bc4 Be6 5. d3 Nc6 6. Bxe6 fxe6 7. Nc3 d5 8. O-O
dxe4 9. dxe4 Qxd1 10. Rxd1 Nd7 11. Ng5 Rg8 12. Nxe6 Bd6 13. Be3 h6 14. Nd5 Rc8
15. Rd3 g5 16. Rc3 Rg6 17. Nc5 Nxc5 18. Bxc5 b6 19. Bxd6 Rxd6 20. Ne3 Nb4 21.
Nf5 Rd2 22. Ne3 Ke7 23. Nc4 Re2 24. Nxe5 Rxe4 25. Ng6+ Kf6 26. a3 Nd5 27. Rc6+
Kf7 28. Rd1 Nf6 29. f3 Ree8 30. Kf1 Kxg6 31. g3 Re7 32. Re1 Rd7 33. Ree6 Rcd8
34. Rxf6+ Kh5 35. g4+ Kh4 36. Rxh6+ Kg3 37. Rce6 Rd1+ 38. Re1 R1d2 39. Re2 Rxe2
40. Kxe2 Re8+ 41. Kd2 Rf8 42. Rg6 Rxf3 43. Rxg5 Kxh3 44. Ke2 Kg2 45. Rg7 Rf2+
46. Kd3 {Rest nicht rekonstruierbar.} 1-0